[Event "Niedersachsen-Youth Chess Team Russia"]
[Site "Dresden"]
[Date "2018.10.20"]
[Round "6.3"]
[White "Scheffner, Jarno"]
[Black "Khayrullin, Danil"]
[Result "1-0"]
[TotalPlyCount "51"]
[HashCode "e9296817"]
[WhiteElo "1808"]
[BlackElo "1328"]
[Annotator "Rnd./Pair./Board: 06.002.03"]
[PlyCount "51"]

1. e4 e6 2. d4 d5 3. Nd2 c5 4. exd5 Qxd5 5. Ngf3 cxd4 6. Bc4 Qd8 7. O-O Nf6 8. Nb3 Nc6 9. Nbxd4 Bd7 10. Qe2 Bc5 11. Rd1 Qe7 12. Nb3 Bb6 13. Bf4 Nh5 14. Bd6 Qf6 15. c3 a6 16. Nfd2 Nf4 17. Qf3 Ng6 18. Qxf6 gxf6 19. Ne4 Bd8 20. Ba3 Be7 21. Nbc5 Bxc5 22. Bxc5 Nce5 23. Nxf6+ Kd8 24. Bb3 Kc7 25. Bd6+ Kc6 26. Bxe5 1-0

[Event "Niedersachsen-Youth Chess Team Russia"]
[Site "Dresden"]
[Date "2018.10.20"]
[Round "6.4"]
[White "Sergeeva, Anna"]
[Black "Kewe, Stefan"]
[Result "1/2-1/2"]
[TotalPlyCount "84"]
[HashCode "584faff7"]
[WhiteElo "1469"]
[BlackElo "1861"]
[Annotator "Rnd./Pair./Board: 06.002.04"]
[PlyCount "84"]

1. d4 Nf6 2. c4 e5 3. Bg5 Bb4+ 4. Nc3 h6 5. Bxf6 Qxf6 6. e3 O-O 7. Rc1 Re8 8. dxe5 Qxe5 9. Nf3 Qa5 10. Qb3 Na6 11. a3 Be7 12. Be2 Bf6 13. O-O Nc5 14. Qc2 Bxc3 15. Qxc3 Qb6 16. b4 Ne4 17. Qc2 Qf6 18. Rfd1 d6 19. Rd4 Ng5 20. Rf4 Qe7 21. Nxg5 Qxg5 22. h4 Qe5 23. Bf3 Qe7 24. Bd5 Rf8 25. Qe4 Qxe4 26. Bxe4 a5 27. b5 Rb8 28. a4 b6 29. Bc6 Be6 30. Re4 Rfd8 31. Rd1 Kf8 32. g4 g6 33. Kh2 h5 34. gxh5 gxh5 35. Bd5 Bg4 36. Rd2 Bf5 37. Rf4 Bg6 38. Rd1 Rd7 39. Rg1 Bc2 40. Ra1 Re7 41. e4 Rbe8 42. f3 Bd3 1/2-1/2

[Event "Team Hungary-IPCA Russia"]
[Site "Dresden"]
[Date "2018.10.20"]
[Round "6.1"]
[White "Rév, Miklós"]
[Black "Obodchuk, Andrei"]
[Result "0-1"]
[TotalPlyCount "62"]
[HashCode "5656ceff"]
[WhiteElo "2009"]
[BlackElo "2323"]
[Annotator "Rnd./Pair./Board: 06.003.01"]
[PlyCount "62"]

1. e4 c5 2. c3 Nf6 3. e5 Nd5 4. d4 cxd4 5. cxd4 d6 6. Bc4 Nb6 7. Bb5+ Bd7 8. Bd3 dxe5 9. dxe5 g6 10. Nf3 Bg7 11. O-O O-O 12. Re1 Nc6 13. h3 Nb4 14. Be4 Bc6 15. Nc3 Qxd1 16. Rxd1 Rfd8 17. Bg5 Kf8 18. a3 Bxe4 19. Nxe4 Nd3 20. Be3 Nxb2 21. Rxd8+ Rxd8 22. Bd4 N2c4 23. a4 Rd5 24. Nc3 Ra5 25. e6 fxe6 26. Bxg7+ Kxg7 27. Nd4 Kf7 28. f4 Nd7 29. Nb3 Ra6 30. Nb5 Nd6 31. N5d4 Rb6 0-1

[Event "Team Hungary-IPCA Russia"]
[Site "Dresden"]
[Date "2018.10.20"]
[Round "6.2"]
[White "Scerbin, Dmitrij"]
[Black "Voján, István"]
[Result "1-0"]
[TotalPlyCount "69"]
[HashCode "6b562a1c"]
[WhiteElo "2264"]
[BlackElo "1913"]
[Annotator "Rnd./Pair./Board: 06.003.02"]
[PlyCount "69"]

1. e4 d5 2. exd5 Qxd5 3. Nc3 Qa5 4. d4 Nf6 5. Nf3 Bg4 6. h3 Bh5 7. Bd2 e6 8. g4 Bg6 9. Ne5 Bb4 10. Bg2 c6 11. a3 Bxc3 12. Bxc3 Qa4 13. b3 Qa6 14. h4 Nbd7 15. Nxd7 Kxd7 16. h5 Be4 17. f3 Bd5 18. Qd2 h6 19. a4 Qb6 20. Ba5 Qa6 21. c4 b6 22. Bb4 Bxc4 23. bxc4 Qxc4 24. Kf2 Nd5 25. Ba3 g5 26. hxg6 fxg6 27. Rhc1 Qa6 28. Qc2 Qb7 29. Qxg6 Rae8 30. Re1 Kc8 31. Rxe6 Rhg8 32. Rxc6+ Kb8 33. Qd6+ Nc7 34. Rac1 Rc8 35. Qe5 1-0

[Event "Team Hungary-IPCA Russia"]
[Site "Dresden"]
[Date "2018.10.20"]
[Round "6.3"]
[White "Kajtár, Dóra"]
[Black "Palin, Denis"]
[Result "0-1"]
[TotalPlyCount "64"]
[HashCode "54289589"]
[WhiteElo "1591"]
[BlackElo "2133"]
[Annotator "Rnd./Pair./Board: 06.003.03"]
[PlyCount "64"]

1. e4 c6 2. d4 d5 3. Nc3 dxe4 4. Nxe4 Nd7 5. Nf3 Ngf6 6. Ng3 g6 7. c3 Bg7 8. Bd3 Qc7 9. Bg5 h6 10. Bd2 Nd5 11. O-O Nf4 12. Bc2 Nf8 13. Qc1 N8e6 14. Re1 h5 15. Bxf4 Qxf4 16. Qxf4 Nxf4 17. Be4 Nd5 18. Rad1 Bf6 19. h3 h4 20. Nf1 g5 21. N3h2 Be6 22. a3 O-O-O 23. Ne3 Nf4 24. Rd2 Rhe8 25. Bd3 b5 26. Bc2 Kc7 27. Neg4 Bd5 28. Nxf6 exf6 29. Rxe8 Rxe8 30. Bd3 Nxd3 31. Rxd3 Re1+ 32. Nf1 Bc4 0-1

[Event "Team Hungary-IPCA Russia"]
[Site "Dresden"]
[Date "2018.10.20"]
[Round "6.4"]
[White "Lipilin, Ilia"]
[Black "Cseke, Viktória"]
[Result "1-0"]
[TotalPlyCount "85"]
[HashCode "deb86723"]
[WhiteElo "2070"]
[BlackElo "1405"]
[Annotator "Rnd./Pair./Board: 06.003.04"]
[PlyCount "85"]

1. d4 Nf6 2. c4 g6 3. f3 Bg7 4. e4 d6 5. Nc3 O-O 6. Bg5 h6 7. Be3 Nc6 8. Qd2 Kh7 9. Nge2 e5 10. d5 Nb4 11. Nc1 Bd7 12. Be2 a5 13. O-O Ng8 14. b3 f5 15. a3 Na6 16. exf5 gxf5 17. Bd3 Nc5 18. Bc2 Kh8 19. N1e2 f4 20. Bxc5 dxc5 21. Qd3 Bf5 22. Ne4 Nf6 23. N2c3 b6 24. Qe2 Nxe4 25. Bxe4 Bxe4 26. Qxe4 Qe7 27. Ra2 Rad8 28. Rd2 Rd7 29. Rfd1 Rfd8 30. Nb5 Qf6 31. Na7 Rd6 32. Re1 c6 33. Nxc6 Rxc6 34. dxc6 Rxd2 35. c7 Qf8 36. Qb7 Rd7 37. c8=Q Rxb7 38. Qxb7 Qd6 39. Qd5 Qc7 40. Rd1 Bf8 41. Qe6 Bg7 42. Rd7 Qb8 43. Qe7 1-0

[Event "Russia Women Deaf-Deutschland Jugend"]
[Site "Dresden"]
[Date "2018.10.20"]
[Round "6.1"]
[White "Turkeeva, Yulia"]
[Black "Koll, Lukas"]
[Result "1/2-1/2"]
[TotalPlyCount "78"]
[HashCode "54d64e17"]
[WhiteElo "2028"]
[BlackElo "1985"]
[Annotator "Rnd./Pair./Board: 06.004.01"]
[PlyCount "78"]

1. e4 c6 2. d4 d5 3. exd5 cxd5 4. Bd3 Nc6 5. c3 Qc7 6. h3 Nf6 7. Nf3 e5 8. dxe5 Nxe5 9. Qe2 Nd7 10. Nd4 Be7 11. Bc2 O-O 12. O-O Bf6 13. Nd2 Ng6 14. N2f3 Nde5 15. Re1 Bd7 16. Bg5 Nxf3+ 17. Nxf3 Bxg5 18. Nxg5 Qf4 19. Qe3 Qxe3 20. Rxe3 Rfe8 21. Bxg6 hxg6 22. Rae1 Rxe3 23. Rxe3 Re8 24. Rxe8+ Bxe8 25. Kf1 Bd7 26. Ke1 f6 27. Nf3 Kf7 28. Kd2 Ke6 29. Ke3 g5 30. g3 Kd6 31. h4 gxh4 32. Nxh4 g5 33. Nf3 a6 34. Kd4 Bg4 35. Ne1 Bf5 36. Ng2 Bh3 37. Ne3 Be6 38. f4 gxf4 39. gxf4 b6 1/2-1/2

[Event "Russia Women Deaf-Deutschland Jugend"]
[Site "Dresden"]
[Date "2018.10.20"]
[Round "6.2"]
[White "Koll, Linus"]
[Black "Gerasimova, Olga"]
[Result "1-0"]
[TotalPlyCount "51"]
[HashCode "01577685"]
[WhiteElo "1976"]
[BlackElo "2010"]
[Annotator "Rnd./Pair./Board: 06.004.02"]
[PlyCount "51"]

1. e4 c5 2. Nf3 Nc6 3. d4 cxd4 4. Nxd4 g6 5. Nc3 Bg7 6. Be3 Nf6 7. Bc4 Qa5 8. O-O d6 9. Bb3 O-O 10. h3 Bd7 11. Re1 Rac8 12. Qd3 Nxd4 13. Bxd4 Rfe8 14. Rad1 Be6 15. e5 Bxb3 16. axb3 dxe5 17. Rxe5 Qc7 18. Rc5 Qd6 19. Nb5 Qf4 20. Be3 Qe4 21. Nxa7 Rcd8 22. Qxd8 Rxd8 23. Rxd8+ Bf8 24. Bh6 Nd7 25. Rcc8 Qe1+ 26. Kh2 1-0

[Event "Russia Women Deaf-Deutschland Jugend"]
[Site "Dresden"]
[Date "2018.10.20"]
[Round "6.3"]
[White "Kudriavtseva, Natalia"]
[Black "Tran, Minh Dat"]
[Result "1-0"]
[TotalPlyCount "37"]
[HashCode "70623a31"]
[WhiteElo "1975"]
[BlackElo "1456"]
[Annotator "Rnd./Pair./Board: 06.004.03"]
[PlyCount "37"]

1. e4 g6 2. d4 Bg7 3. Nf3 h5 4. Bc4 c6 5. Nc3 e6 6. Bf4 d5 7. Bb3 Nh6 8. Qd2 dxe4 9. Nxe4 Nf5 10. c3 b6 11. h3 Bb7 12. O-O-O Na6 13. Neg5 Qe7 14. Rhe1 Bc8 15. d5 cxd5 16. Bxd5 Bb7 17. Bxe6 Kf8 18. Bxf5 Qf6 19. Bc2 1-0

[Event "Russia Women Deaf-Deutschland Jugend"]
[Site "Dresden"]
[Date "2018.10.20"]
[Round "6.4"]
[White "Tran, Duc Huy"]
[Black "Kireeva, Ljubov"]
[Result "0-1"]
[TotalPlyCount "114"]
[HashCode "2e3be2bb"]
[WhiteElo "1456"]
[BlackElo "1920"]
[Annotator "Rnd./Pair./Board: 06.004.04"]
[PlyCount "114"]

1. c4 f5 2. g3 Nf6 3. Nc3 c6 4. Nf3 g6 5. Bg2 Bg7 6. Rb1 O-O 7. O-O d6 8. d4 Qe8 9. Re1 h6 10. Bd2 a6 11. b3 Nbd7 12. Qc1 Kh7 13. Bf4 Qf7 14. Qc2 Nh5 15. Bg5 Bxd4 16. Bxh6 Bxf2+ 17. Kxf2 Kxh6 18. Qd2+ Kg7 19. Ng5 Qf6 20. h4 Ne5 21. Bf3 f4 22. Nce4 fxg3+ 23. Nxg3 Nxg3 24. Kxg3 Rh8 25. Rh1 Bf5 26. Rbf1 Nxf3 27. Rxf3 Qe5+ 28. Kf2 Raf8 29. Ke1 Bg4 30. Re3 Qf6 31. Qc3 Qxc3+ 32. Rxc3 Rf4 33. Re3 e5 34. Rd3 Rd8 35. Rg1 Bf5 36. Rd2 Rxh4 37. Rf1 Kf6 38. Nf3 Rf4 39. e3 Rg4 40. Re2 Ke6 41. Rh1 d5 42. Rh7 b5 43. Ra7 bxc4 44. Rxa6 cxb3 45. axb3 Rd6 46. Rb2 Be4 47. Kf2 Bxf3 48. Kxf3 Rb4 49. Rg2 Kf5 50. Rb2 g5 51. Ra7 c5 52. Rf7+ Kg6 53. Rc7 c4 54. Rh2 cxb3 55. Rhh7 b2 56. Rcg7+ Kf5 57. Rf7+ Rf6 0-1

[Event "IPCA Russia-DGSV 1920 e.V."]
[Site "Dresden"]
[Date "2018.10.21"]
[Round "7.1"]
[White "Obodchuk, Andrei"]
[Black "Gruender, Michael"]
[Result "1-0"]
[TotalPlyCount "65"]
[HashCode "1a3fd699"]
[WhiteElo "2323"]
[BlackElo "1941"]
[Annotator "Rnd./Pair./Board: 07.001.01"]
[PlyCount "65"]

1. e4 e6 2. d4 d5 3. Nc3 Bb4 4. e5 c5 5. a3 Bxc3+ 6. bxc3 Qc7 7. h4 cxd4 8. cxd4 Qc3+ 9. Bd2 Qxd4 10. Nf3 Qe4+ 11. Be3 Nc6 12. Bd3 Qa4 13. O-O Nge7 14. Bc5 b6 15. Bxe7 Nxe7 16. Qe2 Bd7 17. Rfb1 Rc8 18. Rb4 Qc6 19. Qe3 h6 20. h5 Qc7 21. Rg4 Kf8 22. Nd4 Nc6 23. Nxc6 Bxc6 24. Qg3 f5 25. exf6 gxf6 26. Qh4 Qe5 27. Rb1 Be8 28. f4 Qd4+ 29. Kh1 f5 30. Rg3 Rc7 31. Re1 Re7 32. Bxf5 Bf7 33. Rd3 1-0

[Event "IPCA Russia-DGSV 1920 e.V."]
[Site "Dresden"]
[Date "2018.10.21"]
[Round "7.2"]
[White "Hoffmann, Rainer"]
[Black "Scerbin, Dmitrij"]
[Result "0-1"]
[TotalPlyCount "56"]
[HashCode "4084734b"]
[WhiteElo "1917"]
[BlackElo "2264"]
[Annotator "Rnd./Pair./Board: 07.001.02"]
[PlyCount "56"]

1. c4 e5 2. Nc3 Nc6 3. g3 Bc5 4. Bg2 d6 5. e3 a6 6. Nge2 Ba7 7. a3 Nge7 8. b4 h5 9. h4 Bg4 10. Bb2 O-O 11. Qb3 Qd7 12. f3 Be6 13. Nd5 b5 14. Nec3 Nd8 15. Nxe7+ Qxe7 16. Nd5 Qd7 17. e4 bxc4 18. Qc2 Re8 19. f4 f6 20. f5 Bf7 21. Ne3 c5 22. Nd5 cxb4 23. axb4 Nc6 24. Qa4 Bxd5 25. exd5 Qxf5 26. Ra3 Nd4 27. Re3 Nb3 28. Rf3 Qe4+ 0-1

[Event "IPCA Russia-DGSV 1920 e.V."]
[Site "Dresden"]
[Date "2018.10.21"]
[Round "7.3"]
[White "Palin, Denis"]
[Black "Usbeck, Karl-Heinz"]
[Result "1-0"]
[TotalPlyCount "71"]
[HashCode "f19e3a33"]
[WhiteElo "2133"]
[BlackElo "1638"]
[Annotator "Rnd./Pair./Board: 07.001.03"]
[PlyCount "71"]

1. d4 Nf6 2. Nf3 c5 3. e3 g6 4. Bd3 cxd4 5. exd4 Bg7 6. O-O d5 7. c3 O-O 8. Re1 Nc6 9. Bf4 Nh5 10. Bd2 Bg4 11. Be2 Qc7 12. h3 Bxf3 13. Bxf3 Nf6 14. Na3 a6 15. Nc2 e6 16. Bg5 Ne7 17. Qd2 h5 18. g4 hxg4 19. hxg4 Rad8 20. Kg2 Nh7 21. Bh6 Rfe8 22. Rh1 Bf6 23. Bf4 e5 24. Bxe5 Bxe5 25. dxe5 Qxe5 26. Rae1 Qg7 27. Rh2 f6 28. Nd4 Nf8 29. Ne6 Nxe6 30. Rxe6 Kf7 31. Re1 Rh8 32. Rxh8 Qxh8 33. Qe3 Nc6 34. Qe6+ Kg7 35. Bxd5 Ne5 36. Qe7+ 1-0

[Event "IPCA Russia-DGSV 1920 e.V."]
[Site "Dresden"]
[Date "2018.10.21"]
[Round "7.4"]
[White "Krabbe, Wolfgang"]
[Black "Lipilin, Ilia"]
[Result "0-1"]
[TotalPlyCount "52"]
[HashCode "8611ed99"]
[WhiteElo "1831"]
[BlackElo "2070"]
[Annotator "Rnd./Pair./Board: 07.001.04"]
[PlyCount "52"]

1. d4 f5 2. c4 Nf6 3. Nc3 g6 4. g3 Bg7 5. Bg2 d6 6. Nf3 c6 7. O-O O-O 8. Bg5 Qc7 9. Qd2 e5 10. d5 c5 11. Bxf6 Bxf6 12. e4 f4 13. Nb5 Qe7 14. b4 a6 15. Na3 Nd7 16. Rab1 g5 17. Ne1 g4 18. gxf4 exf4 19. Qxf4 Ne5 20. bxc5 Bg5 21. cxd6 Qg7 22. Qg3 Bf4 23. Qh4 Ng6 24. Qh5 Bxd6 25. Nac2 Nf4 26. Qh4 Be7 0-1

[Event "Deaf Poland-Russia Women Deaf"]
[Site "Dresden"]
[Date "2018.10.21"]
[Round "7.1"]
[White "Strzelecki, Jerzy"]
[Black "Turkeeva, Yulia"]
[Result "1/2-1/2"]
[TotalPlyCount "52"]
[HashCode "5b99bfba"]
[WhiteElo "2011"]
[BlackElo "2028"]
[Annotator "Rnd./Pair./Board: 07.002.01"]
[PlyCount "52"]

1. Nf3 d5 2. c4 e6 3. g3 Nf6 4. Bg2 Be7 5. O-O O-O 6. d4 c6 7. Nbd2 Nbd7 8. Qc2 Re8 9. e4 dxe4 10. Nxe4 Nxe4 11. Qxe4 Bf6 12. Rd1 g6 13. Bh6 Bg7 14. Bxg7 Kxg7 15. Rd2 Qc7 16. Re1 Rb8 17. Ne5 f6 18. Nxd7 Bxd7 19. b3 Rbd8 20. h4 Bc8 21. Red1 Re7 22. Qe3 Ree8 23. Bf3 Re7 24. Bg2 Ree8 25. Bf3 Re7 26. Bg2 Ree8 1/2-1/2

[Event "Deaf Poland-Russia Women Deaf"]
[Site "Dresden"]
[Date "2018.10.21"]
[Round "7.2"]
[White "Gerasimova, Olga"]
[Black "Cwiek, Mariusz"]
[Result "1/2-1/2"]
[TotalPlyCount "100"]
[HashCode "fb40126d"]
[WhiteElo "2010"]
[BlackElo "1974"]
[Annotator "Rnd./Pair./Board: 07.002.02"]
[PlyCount "100"]

1. e4 c5 2. Nf3 Nc6 3. d4 cxd4 4. Nxd4 g6 5. c4 Bg7 6. Be3 Nf6 7. Nc3 Ng4 8. Qxg4 Nxd4 9. Qd1 Ne6 10. Rc1 d6 11. Be2 O-O 12. O-O Bd7 13. b4 b6 14. Qd2 Rc8 15. Rfd1 Bc6 16. Nd5 Nc7 17. Bh6 Nxd5 18. exd5 Bd7 19. Qe3 Re8 20. Bxg7 Kxg7 21. Qd4+ Kg8 22. Rc3 Rc7 23. h4 f6 24. Rg3 Kf7 25. Qf4 Rg8 26. Qh6 Rg7 27. Bd3 Qf8 28. Re1 Bf5 29. Bxf5 gxf5 30. Rxg7+ Qxg7 31. Qe3 Qg4 32. Qe6+ Kf8 33. Re3 Qd1+ 34. Kh2 f4 35. Re4 Qc2 36. f3 Qc3 37. Qf5 Rxc4 38. Qxh7 Rxe4 39. Qxe4 Qe5 40. Kg1 Kg7 41. Kh2 Kh6 42. Qc4 Kg7 43. a4 Kg6 44. a5 bxa5 45. bxa5 Kh5 46. a6 Kxh4 47. Qc8 f5 48. Qd7 Qe1 49. Qxf5 Qg3+ 50. Kg1 Qe1+ 1/2-1/2

[Event "Deaf Poland-Russia Women Deaf"]
[Site "Dresden"]
[Date "2018.10.21"]
[Round "7.3"]
[White "Marczukiewicz, Jerzy"]
[Black "Kudriavtseva, Natalia"]
[Result "1-0"]
[TotalPlyCount "61"]
[HashCode "544d4bfa"]
[WhiteElo "1929"]
[BlackElo "1975"]
[Annotator "Rnd./Pair./Board: 07.002.03"]
[PlyCount "61"]

1. Nf3 Nf6 2. c4 c5 3. g3 Nc6 4. d4 cxd4 5. Nxd4 e5 6. Nc2 Be7 7. Bg2 O-O 8. O-O b6 9. Nc3 Rb8 10. Ne3 Bb7 11. Ned5 Nxd5 12. Nxd5 Bc5 13. Rb1 Re8 14. Bd2 Ne7 15. b4 Nxd5 16. bxc5 Ne7 17. Bxb7 Rxb7 18. Bg5 h6 19. Be3 Qc7 20. Qd3 Reb8 21. cxb6 axb6 22. Rfd1 f6 23. Rb5 Ra8 24. c5 bxc5 25. Qb3+ c4 26. Rxb7 Qc6 27. Qb5 Rxa2 28. Qxc6 Nxc6 29. Rdxd7 Rxe2 30. Rxg7+ Kh8 31. Rh7+ 1-0

[Event "Deaf Poland-Russia Women Deaf"]
[Site "Dresden"]
[Date "2018.10.21"]
[Round "7.4"]
[White "Kireeva, Ljubov"]
[Black "Szalko, Maciej"]
[Result "0-1"]
[TotalPlyCount "92"]
[HashCode "64df4c02"]
[WhiteElo "1920"]
[BlackElo "1868"]
[Annotator "Rnd./Pair./Board: 07.002.04"]
[PlyCount "92"]

1. d4 b6 2. e4 Bb7 3. f3 e6 4. Bd3 d5 5. Ne2 Ba6 6. exd5 Bxd3 7. Qxd3 Qxd5 8. c4 Qd7 9. Nbc3 Na6 10. a3 c6 11. b4 Nc7 12. Bf4 Nf6 13. Qe3 Be7 14. Qe5 Rc8 15. Qg5 O-O 16. Be5 Rfd8 17. Ne4 Nce8 18. Qg3 c5 19. bxc5 bxc5 20. d5 exd5 21. cxd5 Qxd5 22. O-O Nh5 23. N2c3 Qe6 24. Ng5 Qf5 25. Qe1 Qxg5 26. f4 Qg6 27. f5 Qg4 28. Rf3 Bf6 29. h3 Qh4 30. Qe2 Bxe5 31. Qxe5 Qd4+ 32. Re3 Qxe5 33. Rxe5 Nhf6 34. Rae1 Nd6 35. g4 Nc4 36. Re7 Re8 37. g5 Rxe7 38. Rxe7 Ne8 39. Rxa7 f6 40. Nd5 Rd8 41. Ne7+ Kf8 42. g6 hxg6 43. fxg6 Ne5 44. h4 c4 45. h5 c3 46. Nf5 c2 0-1

[Event "Team Hungary-Deutschland Jugend"]
[Site "Dresden"]
[Date "2018.10.21"]
[Round "7.1"]
[White "Rév, Miklós"]
[Black "Koll, Lukas"]
[Result "1/2-1/2"]
[TotalPlyCount "25"]
[HashCode "b78a04a6"]
[WhiteElo "2009"]
[BlackElo "1985"]
[Annotator "Rnd./Pair./Board: 07.003.01"]
[PlyCount "25"]

1. e4 c6 2. d4 d5 3. exd5 cxd5 4. c4 Nf6 5. Nc3 Nc6 6. Nf3 Bg4 7. Be2 e6 8. h3 Bxf3 9. Bxf3 Be7 10. cxd5 Nxd5 11. Nxd5 exd5 12. O-O O-O 13. Be3 1/2-1/2

[Event "Team Hungary-Deutschland Jugend"]
[Site "Dresden"]
[Date "2018.10.21"]
[Round "7.2"]
[White "Koll, Linus"]
[Black "Voján, István"]
[Result "0-1"]
[TotalPlyCount "62"]
[HashCode "c3a3abe5"]
[WhiteElo "1976"]
[BlackElo "1913"]
[Annotator "Rnd./Pair./Board: 07.003.02"]
[PlyCount "62"]

1. e4 c5 2. Nf3 d6 3. d4 cxd4 4. Nxd4 Nf6 5. Nc3 a6 6. Bg5 e6 7. f4 Qc7 8. Qf3 Be7 9. O-O-O O-O 10. g4 b5 11. Bxf6 Bxf6 12. g5 Be7 13. h4 Bb7 14. f5 b4 15. Nb1 e5 16. Nb3 f6 17. gxf6 Bxf6 18. h5 h6 19. N1d2 Nd7 20. Nc4 Be7 21. Rg1 a5 22. Qg2 Bg5+ 23. Kb1 a4 24. Na1 Rf6 25. Nd2 Rxf5 26. Bc4+ Kh8 27. Qh3 Rf4 28. Rxg5 hxg5 29. h6 Nf6 30. hxg7+ Kxg7 31. Rh1 Rh4 0-1

[Event "Team Hungary-Deutschland Jugend"]
[Site "Dresden"]
[Date "2018.10.21"]
[Round "7.3"]
[White "Kajtár, Dóra"]
[Black "Tran, Minh Dat"]
[Result "1-0"]
[TotalPlyCount "45"]
[HashCode "bc35d8c0"]
[WhiteElo "1591"]
[BlackElo "1456"]
[Annotator "Rnd./Pair./Board: 07.003.03"]
[PlyCount "45"]

1. e4 g6 2. c4 Bg7 3. Ne2 c6 4. Nbc3 d6 5. h3 e5 6. g3 Be6 7. d3 Ne7 8. Bg2 Na6 9. O-O f5 10. Rb1 O-O 11. Be3 fxe4 12. Nxe4 d5 13. Ng5 Bd7 14. cxd5 Nxd5 15. Qb3 Be8 16. Nc3 Nc7 17. Nxd5 Nxd5 18. Ne4 Kh8 19. Bc5 Rf7 20. Nd6 Rd7 21. Bxd5 cxd5 22. Qxd5 Bf8 23. Qxe5+ 1-0

[Event "Team Hungary-Deutschland Jugend"]
[Site "Dresden"]
[Date "2018.10.21"]
[Round "7.4"]
[White "Tran, Duc Huy"]
[Black "Cseke, Viktória"]
[Result "0-1"]
[TotalPlyCount "64"]
[HashCode "314384a3"]
[WhiteElo "1456"]
[BlackElo "1405"]
[Annotator "Rnd./Pair./Board: 07.003.04"]
[PlyCount "64"]

1. c4 g6 2. g3 Bg7 3. Bg2 d6 4. Nf3 e5 5. O-O Ne7 6. Nc3 Nbc6 7. Rb1 f5 8. d3 O-O 9. a3 h6 10. e3 Be6 11. Nd2 Qd7 12. Nd5 Nd8 13. f4 c6 14. Nxe7+ Qxe7 15. b4 Nf7 16. Bb2 Rad8 17. Qe2 Qd7 18. Nb3 b6 19. c5 bxc5 20. bxc5 Bxb3 21. fxe5 dxe5 22. e4 Be6 23. Rbd1 Qe7 24. exf5 Bxf5 25. Qc2 Bg4 26. Rde1 Qd7 27. Re3 Ng5 28. Rxf8+ Rxf8 29. Bxe5 Bxe5 30. Rxe5 Qd4+ 31. Kh1 Qxe5 32. Qc4+ Be6 0-1

[Event "Youth Chess Team Russia-Russia Deaf"]
[Site "Dresden"]
[Date "2018.10.21"]
[Round "7.1"]
[White "Arnhold, Steffi"]
[Black "Skorobogatykh, Andrey"]
[Result "1/2-1/2"]
[TotalPlyCount "205"]
[HashCode "c06dc288"]
[WhiteElo "1955"]
[BlackElo "2160"]
[Annotator "Rnd./Pair./Board: 07.004.01"]
[PlyCount "205"]

1. e4 e6 2. d4 d5 3. Nc3 dxe4 4. Nxe4 Nd7 5. Nf3 Ngf6 6. Bg5 Be7 7. Nxf6+ Nxf6 8. Bd3 O-O 9. c3 h6 10. h4 hxg5 11. hxg5 g6 12. gxf6 Bxf6 13. Qc2 Kg7 14. O-O-O Bd7 15. Ne5 Bxe5 16. dxe5 Qg5+ 17. Kb1 Bc6 18. Rde1 Rh8 19. Be4 Rxh1 20. Rxh1 Qxe5 21. Bxc6 bxc6 22. Qd2 c5 23. Qh6+ Kf6 24. f4 Qf5+ 25. Kc1 Qg4 26. Rd1 Ke7 27. Rd2 Rb8 28. Qh2 Rb6 29. Qg1 Qxf4 30. Qxc5+ Ke8 31. Qd4 Qxd4 32. cxd4 Ke7 33. Kc2 Kd6 34. Kc3 Rb5 35. Kc4 Rg5 36. b4 c6 37. a4 a6 38. Re2 f6 39. Rf2 f5 40. Re2 f4 41. Rf2 Rf5 42. Kd3 Kd5 43. Rf3 g5 44. Rh3 g4 45. Rh8 Kd6 46. Ke2 f3+ 47. gxf3 Rxf3 48. Rd8+ Kc7 49. Rg8 Rb3 50. Rxg4 Rxb4 51. Kd3 Rxa4 52. Rg5 Kd6 53. Kc3 Ra1 54. Kb2 Ra4 55. Kc3 Ra3+ 56. Kb4 Ra1 57. Kc3 Rb1 58. Ra5 Rb6 59. Kc4 Kd7 60. Kc3 Kc7 61. Re5 Rb5 62. Rxe6 a5 63. Kc4 Kb6 64. Re8 a4 65. Ra8 Ra5 66. Rb8+ Kc7 67. Rb2 a3 68. Ra2 Kd6 69. Kb4 Ra8 70. Kc4 Ra7 71. Kc3 Kd5 72. Kd3 Rh7 73. Kc3 Rh3+ 74. Kb4 Kxd4 75. Rd2+ Rd3 76. Rc2 Kd5 77. Rc5+ Kd6 78. Ra5 Kc7 79. Kc4 Kb6 80. Ra4 Rh3 81. Ra8 Rh2 82. Kb4 a2 83. Kc4 Rg2 84. Kb4 Kb7 85. Ra3 Kb6 86. Ra8 Rf2 87. Kc4 Kb7 88. Ra3 Rf4+ 89. Kc5 Rf2 90. Rb3+ Kc7 91. Ra3 Rc2+ 92. Kb4 c5+ 93. Kb3 Rh2 94. Rxa2 Rxa2 95. Kxa2 Kd6 96. Kb3 Kd5 97. Kc3 c4 98. Kc2 Kc5 99. Kc3 Kb5 100. Kc2 Kb4 101. Kb2 c3+ 102. Kc2 Kc4 103. Kc1 1/2-1/2

[Event "Youth Chess Team Russia-Russia Deaf"]
[Site "Dresden"]
[Date "2018.10.21"]
[Round "7.2"]
[White "Kononov, Viktor V"]
[Black "Klemke, Kassandra"]
[Result "1-0"]
[TotalPlyCount "35"]
[HashCode "d1c62bf5"]
[WhiteElo "2030"]
[BlackElo "1640"]
[Annotator "Rnd./Pair./Board: 07.004.02"]
[PlyCount "35"]

1. d4 Nf6 2. Nf3 g6 3. c3 d5 4. Bg5 Bg7 5. Nbd2 O-O 6. e3 Nbd7 7. Bd3 c6 8. O-O Re8 9. Re1 e5 10. e4 Qc7 11. dxe5 Nxe4 12. Bxe4 dxe4 13. Nxe4 h6 14. Bf4 b6 15. Qd2 Bb7 16. e6 Ne5 17. Nxe5 Bxe5 18. Nf6+ 1-0

[Event "Youth Chess Team Russia-Russia Deaf"]
[Site "Dresden"]
[Date "2018.10.21"]
[Round "7.3"]
[White "Khayrullin, Danil"]
[Black "Pogoskin, Roman"]
[Result "0-1"]
[TotalPlyCount "50"]
[HashCode "c0116365"]
[WhiteElo "1328"]
[BlackElo "2019"]
[Annotator "Rnd./Pair./Board: 07.004.03"]
[PlyCount "50"]

1. b3 e5 2. Bb2 Nc6 3. e4 Nf6 4. d3 d5 5. Nd2 Bb4 6. exd5 Nxd5 7. a3 Bc3 8. Bxc3 Nxc3 9. Qf3 Nd4 10. Nc4 Nxf3+ 11. Nxf3 f6 12. Kd2 Nb5 13. Kc1 Nd4 14. Nfd2 O-O 15. g3 Be6 16. Ne3 c5 17. Bg2 Rb8 18. h4 b5 19. Kb2 c4 20. dxc4 Nxb3 21. Nxb3 bxc4 22. Nxc4 Bxc4 23. Rhd1 Qb6 24. Kc1 Bxb3 25. cxb3 Rfc8+ 0-1